000 00291nam a2200121Ia 4500
008 241015s9999 xx 000 0 und d
041 _aeng
082 _a332 RUB
100 _aRubini, Agustin
245 _aFintech In A Flash
260 _bDe Gruyter
_aBoston
_c2019
300 _a231;. P. 24 cm
999 _c41651
_d41651